000 00354nam a22001217a 4500
999 _c529
_d529
005 20200814163658.0
008 200814b ||||| |||| 00| 0 eng d
020 _a0913255009
040 _cCML
245 _aNamibia the Struggle for Liberation.
_cMoleah, A.L.
260 _aWilmington
_bDisa
_c1983
942 _2ddc
_cBK
_e1st Edition
_h320
_mMOL